000
00339nam a22001457a 4500
005
20231013195302.0
008
231013b |||||||| |||| 00| 0 eng d
082
_a
006.7869
_b
BAE-L
100
_a
Baer,Marjorie
245
_a
Lingo
_b
Authorized
300
_a
369
500
_a
Include Index
650
_a
Computer
700
_a
Marjorie Baer
999
_c
33894
_d
33894